| 000 | 01370nab a2200241 a 4500 | ||
|---|---|---|---|
| 005 | 20210219163001.0 | ||
| 008 | 991125s1985 mx 000 0 spa u | ||
| 035 | _aUPN01000214313 | ||
| 049 | _aART | ||
| 100 | 1 | _aZúñiga Rivera, Mónica | |
| 222 | 0 | _aREVISTA MEXICANA DE SOCIOLOGIA | |
| 245 | 0 | 0 | _aAntierótica feroz y otras cuestiones paradójicas |
| 300 | _a529-549 | ||
| 362 | 0 | _a2016 Volumen 78, número 3, julio-septiembre | |
| 520 | 3 | _aEn 2013 apareció en Costa Rica un cuentario, Antierótica feroz, de Laura Fuentes. Este texto se inserta dentro de un momento de ruptura estético-ideológica en la región, pues evidencia un tratamiento de la parodia y, a la vez, una cierta apologética de la corporalidad y del erotismo. En este artículo se analizan algunas ideas del cuentario, con el fin de mostrar el abordaje del erotismo y la visión de mundo propuesta. Para tales fines, se estudian diferentes posturas que van desde las clásicas (Bataille), feministas (Preciado), interdisciplinarias (Dadoun), pasando por las científicas (Reich), hasta las teológicas (Althaus-Reid) | |
| 653 | 0 | _aEROTISMO | |
| 653 | 0 | _aANTIEROTISMO | |
| 653 | 0 | _aSEXO | |
| 653 | 0 | _aCOSTA RICA | |
| 856 | 4 | _uhttp://www.revistas.unam.mx/index.php/rms/article/view/56230/49871 | |
| 856 | 4 | _uhttp://www.redalyc.org/articulo.oa?id=32146492008 | |
| 905 | _aArticulo | ||
| 999 |
_c186413 _d186413 |
||